00401cam a2200145 a 4500020003200000040000800032082002600040100002100066245004800087250001100135260003800146300003400184650001600218650002100234 a0072899050 (acidfree paper) cDLC00a511 JAS 1999 C279 Or.1 aRosen, Kenneth H10aDiscrete mathematics and its applications / a4th ed aBoston :bWCB/McGraw-Hill,cc1999 axxii, 678 p. :bill. ;c27 cm 0aMathematics 0aComputer science